Towards a welfare state (Record no. 1245189)

MARC details
000 -LEADER
fixed length control field 00454nam a2200193Ia 4500
008 - FIXED-LENGTH DATA ELEMENTS--GENERAL INFORMATION
fixed length control field 151121s9999||||xx |||||||||||||| ||und||
082 ## - DEWEY DECIMAL CLASSIFICATION NUMBER
Classification number 360/
082 ## - DEWEY DECIMAL CLASSIFICATION NUMBER
Item number HNW-63658
100 ## - MAIN ENTRY--PERSONAL NAME
Personal name Publisher
245 ## - TITLE STATEMENT
Title Towards a welfare state
260 ## - PUBLICATION, DISTRIBUTION, ETC. (IMPRINT)
Name of publisher, distributor, etc Govt। Of Bombay।
260 ## - PUBLICATION, DISTRIBUTION, ETC. (IMPRINT)
Date of publication, distribution, etc --
300 ## - PHYSICAL DESCRIPTION
Extent 165
600 ## - SUBJECT ADDED ENTRY--PERSONAL NAME
Personal name Publisher
630 ## - SUBJECT ADDED ENTRY--UNIFORM TITLE
Uniform title Towards a welfare state
700 ## - ADDED ENTRY--PERSONAL NAME
Personal name Publisher
730 ## - ADDED ENTRY--UNIFORM TITLE
Uniform title Towards a welfare state
942 ## - ADDED ENTRY ELEMENTS (KOHA)
Koha item type Book
Holdings
Withdrawn status Lost status Damaged status Not for loan Home library Current library Date acquired Cost, normal purchase price Total Checkouts Full call number Barcode Date last seen Cost, replacement price Price effective from Koha item type
        Hirachand Nemchand Wachanalaya, Solapur Hirachand Nemchand Wachanalaya, Solapur 11/21/2015 0.00   HNW-63658 HNW-63658 11/21/2015 0.00 11/21/2015 Book